Statistics for Random Topic A-Z #1

Click here to take the quiz!

General Stats

  • This quiz has been taken 45 times
    (24 since last reset)
  • The average score is 6 of 27

Answer Stats

LetterHintAnswer% Correct
Letter30% of the _____ generally eat with what Asian cutlery?Chopsticks
83%
Letter80 years is the what life expectancy in industralized nations?Average
78%
Letter232 million people who have left their home country are called?Migrants
61%
LetterWhat is it called women have a baby in their womb?Pregnant
61%
LetterThe number of people living per unit in an area______ density
56%
LetterCountry with the highest life expectancy in the worldJapan
50%
LetterCountry with the highest _______ in 2030India
39%
TopicPopulation
39%
LetterIn just over 100 years the no. of people on Earth has?Quadrupled
28%
LetterThere are seven of us humans in the worldBillion
22%
LetterJudged by many to have the highest city ______ in the worldGuangzhou
17%
LetterVatican City has the what ______?Least
17%
LetterEvery second, how many people are born?Three
17%
LetterRegion where the _____ is decliningEastern Europe
11%
LetterWhat type of deaths are down 35 per cent from 2005HIV
11%
LetterTightly-packed housing is a major problem for _____ but what is it normally called?Overcrowding
11%
Letter______ growth means that there will probably be less of thisFossil Fuels
6%
Letter______ what describes how well something can be predict a _____'s future.Validity
6%
LetterAnnual event on July 11 which seeks to remind people about global _____World ______ Day
6%
LetterWhat is Z_G?Zero ____ Growth
6%
LetterBiggest City in Pakistan by ______Karachi
0%
LetterThe no. of people added to or lost from the ______ per year for every 1000 peopleNatural Increase
0%
LetterThe_____ has increased...over the past 200 yearsRapidly
0%
LetterCountry with the lowest life expectancy in the worldSierra Leone
0%
LetterMore than half the global ____ is?Urban
0%
LetterOne of China's biggest citiesXi'an
0%
LetterAgricultural what have helped increase ______ growth?Yields
0%

Score Distribution

Percentile by Number Answered

Percent of People with Each Score

Your Score History

You have not taken this quiz since the last reset